Score 0/230 Timer 15:00
0 Plays Today
Year Actress % Correct
2020Kate McKinnon
93.6%
1992Julia Louis-Dreyfus
93.4%
1993Julia Louis-Dreyfus
93.4%
1994Julia Louis-Dreyfus
93.4%
1995Lisa Kudrow
93.4%
1995Julia Louis-Dreyfus
93.4%
1996JULIA LOUIS-DREYFUS
93.4%
1997Lisa Kudrow
93.4%
1997Julia Louis-Dreyfus
93.4%
1998LISA KUDROW
93.4%
1998Julia Louis-Dreyfus
93.4%
1999Lisa Kudrow
93.4%
2000Lisa Kudrow
93.4%
2001Lisa Kudrow
93.4%
2000Jennifer Aniston
91.6%
2001Jennifer Aniston
91.6%
2016Allison Janney
89.9%
2011Betty White
89.6%
2015ALLISON JANNEY
89%
2014Julie Bowen
88.8%
2019Kate McKinnon
88.8%
2014ALLISON JANNEY
88.6%
2016KATE MCKINNON
88.1%
2010Sofia Vergara
87.8%
2011Sofia Vergara
87.8%
2012Sofia Vergara
87.8%
2013Sofia Vergara
87.8%
2017KATE MCKINNON
87.5%
2015Julie Bowen
87.4%
2015Jane Krakowski
87.2%
2010Julie Bowen
87.2%
2011JULIE BOWEN
87.2%
2012JULIE BOWEN
87.2%
2013Julie Bowen
87.2%
1983Rhea Perlman
86.8%
1984RHEA PERLMAN
86.8%
1985RHEA PERLMAN
86.8%
1986RHEA PERLMAN
86.8%
1987Rhea Perlman
86.8%
1988Rhea Perlman
86.8%
1989RHEA PERLMAN
86.8%
1990Rhea Perlman
86.8%
1991Rhea Perlman
86.8%
1993Rhea Perlman
86.8%
2018Laurie Metcalf
86.8%
2002Cynthia Nixon
86.6%
2003Cynthia Nixon
86.6%
2004CYNTHIA NIXON
86.6%
2010JANE LYNCH
86.6%
2011Jane Lynch
86.6%
2013Jane Lynch
86.6%
2000MEGAN MULLALLY
86.2%
2002Megan Mullally
86.2%
2003Megan Mullally
86.2%
2004Megan Mullally
86.2%
2005Megan Mullally
86.2%
2006MEGAN MULLALLY
86.2%
1999Doris Roberts
86%
2000Doris Roberts
86%
2001DORIS ROBERTS
86%
2002DORIS ROBERTS
86%
2003DORIS ROBERTS
86%
2004Doris Roberts
86%
2005DORIS ROBERTS
86%
2009Jane Krakowski
85.2%
2010Jane Krakowski
85.2%
2011Jane Krakowski
85.2%
2013Jane Krakowski
85.2%
2015Kate McKinnon
85.1%
2020Alex Borstein
84.8%
1986Estelle Getty
84.3%
1987Estelle Getty
84.3%
1988ESTELLE GETTY
84.3%
1989Estelle Getty
84.3%
1990Estelle Getty
84.3%
1991Estelle Getty
84.3%
1992Estelle Getty
84.3%
Year Actress % Correct
2000Kim Cattrall
84.3%
2001Kim Cattrall
84.3%
2002Kim Cattrall
84.3%
2003Kim Cattrall
84.3%
2004Kim Cattrall
84.3%
2001Megal Mullally
84.1%
2009Kristen Wiig
84%
2010Kristen Wiig
84%
2011Kristen Wiig
84%
2012Kristen Wiig
84%
2018Kate McKinnon
83.9%
2018Megan Mullally
83.5%
2014Mayim Bialik
83.3%
1992LAURIE METCALF
83.1%
1993LAURIE METCALF
83.1%
1994LAURIE METCALF
83.1%
1995Laurie Metcalf
83.1%
2008Amy Poehler
82.9%
2009Amy Poehler
82.9%
2020ANNIE MURPHY
82.4%
2007Vanessa Williams
82.1%
2008Vanessa Williams
82.1%
2009Vanessa Williams
82.1%
2015Mayim Bialik
82%
2016Anna Chlumsky
81.9%
2019Anna Chlumsky
81.7%
2014Kate McKinnon
81.6%
2017Leslie Jones
81.3%
2017Anna Chlumsky
81.1%
2012Mayim Bialik
81%
2013Mayim Bialik
81%
2020D'Arcy Carden
80.8%
2015Anna Chlumsky
80.7%
2004Kristin Davis
80.4%
2020Cecily Strong
80%
2014Anna Chlumsky
80%
2016Judith Light
79.9%
2017Judith Light
79.1%
1995CHRISTINE BARANSKI
78.8%
1996Christine Baranski
78.8%
1997Christine Baranski
78.8%
1998Christine Baranski
78.8%
2018Leslie Jones
76.7%
2013Anna Chlumsky
75.8%
2020Betty Gilpin
75.2%
1997KRISTEN JOHNSTON
75%
1998Kristen Johnston
75%
1999KRISTEN JOHNSTON
75%
2019Betty Gilpin
74.4%
1993Sara Gilbert
74.2%
1994Sara Gilbert
74.2%
2006Jaime Pressly
73.8%
2007JAIME PRESSLY
73.8%
2019ALEX BORSTEIN
73.4%
2005Holland Taylor
73.3%
2007Holland Taylor
73.3%
2008Holland Taylor
73.3%
2010Holland Taylor
73.3%
2005Jessica Walter
73.1%
1990BEBE NEUWIRTH
73.1%
1991BEBE NEUWIRTH
73.1%
2003Cheryl Hines
73%
2006Cheryl Hines
73%
2019Olivia Colman
72.8%
2008Kristin Chenoweth
72.6%
2009KRISTIN CHENOWETH
72.6%
2007Jenna Fischer
71.8%
1996Renee Taylor
71.5%
2020Marin Hinkle
71.2%
1999Wendie Malick
70.9%
2002Wendie Malick
70.9%
1980LORETTA SWIT
70.7%
1981Loretta Swit
70.7%
1982LORETTA SWIT
70.7%
1983Loretta Swit
70.7%
2008JEAN SMART
70.6%
2018Betty Gilpin
70%
Year Actress % Correct
1980Loni Anderson
69.6%
1981Loni Anderson
69.6%
2017Vanessa Bayer
69.5%
2018Aidy Bryant
69.5%
2018ALEX BORSTEIN
69.1%
2016Niecy Nash
68.9%
2012Merritt Wever
68.4%
2013MERRITT WEVER
68.4%
1986Justine Bateman
68.3%
1987Justine Bateman
68.3%
1981EILEEN BRENNAN
68.2%
1982Eileen Brennan
68.2%
1983Eileen Brennan
68.2%
1998Jane Leeves
67.9%
2005Conchata Ferrell
67.3%
2007Conchata Ferrell
67.3%
1989Faith Ford
67.1%
1990Faith Ford
67.1%
1991Faith Ford
67.1%
1992Faith Ford
67.1%
1994Faith Ford
67.1%
2016Gaby Hoffmann
66.6%
2015Niecy Nash
66.4%
1983CAROL KANE
66.3%
1986Lisa Bonet
66.3%
2006Elizabeth Perkins
65.7%
2007Elizabeth Perkins
65.7%
2009Elizabeth Perkins
65.7%
2020Yvonne Orji
65.6%
1987JACKEE HARRY
65.6%
1988Jackee Harry
65.6%
2014Kate Mulgrew
65.5%
1988Katherine Helmond
64.8%
1989Katherine Helmond
64.8%
1999Lucy Liu
63.4%
2017Kathryn Hahn
63.2%
2015Gaby Hoffmann
62.9%
1984Marion Ross
62.6%
2006Alfre Woodard
61.9%
1984Julia Duffy
61.5%
1985Julia Duffy
61.5%
1986Julia Duffy
61.5%
1987Julia Duffy
61.5%
1988Julia Duffy
61.5%
1989Julia Duffy
61.5%
1990Julia Duffy
61.5%
2019Marin Hinkle
61.2%
1981Marla Gibbs
60.5%
1982Marla Gibbs
60.5%
1983Marla Gibbs
60.5%
1984Marla Gibbs
60.5%
1985Marla Gibbs
60.5%
1986Keshia Knight Pulliam
59.4%
2012Kathryn Joosten
57.9%
2019Sian Clifford
56.1%
2018Zazie Beetz
56%
1993Shelley Fabares
55.3%
1994Shelley Fabares
55.3%
1980Polly Holliday
54.3%
1996Janeane Garofalo
54%
1997Janeane Garofalo
54%
2019Sarah Goldberg
53.2%
1985Inga Swenson
52.7%
1980Inga Swenson
52.7%
1982Inga Swenson
52.7%
1982Andrea Martin
51.1%
1985Selma Diamond
50.6%
1991Elizabeth Ashley
49.3%
1992Alice Ghostley
49.2%
1981Anne Meara
48.3%
1982Anne Meara
48.3%
1994Liz Torres
48%
1995Liz Torres
48%
1992Frances Sternhagen
45.5%
1996Jayne Meadows
43.7%
1984Paula Kelly
41.6%
Remove Ads.
Support Sporcle.
Get the best of Sporcle when you Go Orange. This ad-free experience offers more features, more stats, and more fun while also helping to support Sporcle. Thank you for becoming a member.

You're not logged in!

Compare scores with friends on all Sporcle quizzes.
OR
Log In

Show Comments

Extras

Top Quizzes Today


Score Distribution

Your Account Isn't Verified!

In order to create a playlist on Sporcle, you need to verify the email address you used during registration. Go to your Sporcle Settings to finish the process.

Report this User

Report this user for behavior that violates our Community Guidelines.

Details: